[Event "104th ch-GBR 2017"]
[Site "Llandudno WLS"]
[Date "2017.08.01"]
[Round "4.31"]
[White "Trent, Lawrence"]
[Black "Fathallah, Joe"]
[Result "1/2-1/2"]
[WhiteTitle "IM"]
[WhiteElo "2445"]
[BlackElo "1919"]
[WhiteFideId "408638"]
[BlackFideId "1801899"]
[EventDate "2017.07.29"]

1. e4 e6 2. d4 d5 3. Bd3 dxe4 4. Bxe4 Nc6 5. Bf3 Nf6 6. Be3 Bd6 7. Ne2 O-O 8.
Nbc3 e5 9. Bxc6 bxc6 10. dxe5 Bxe5 11. Qxd8 Rxd8 12. Bf4 Bxf4 13. Nxf4 Bf5 14.
Rc1 Rab8 15. b3 Rd6 16. f3 h5 17. h4 Rbd8 18. O-O Rd2 19. Rf2 Kf8 20. Nb1 Rxc2
21. Rfxc2 Bxc2 22. Na3 Bf5 23. Rc5 g6 24. Rxc6 Nd5 25. Nxd5 Rxd5 26. Nc4 Bb1 27.
Ra6 Bd3 28. Rxa7 Bxc4 29. bxc4 Rc5 30. Ra4 Ke7 31. Kf2 Kd6 32. Ke3 g5 33. hxg5
Rxg5 34. Kf2 Rc5 35. f4 Ke6 36. Ke3 h4 37. Ke4 c6 38. Kf3 Kf5 39. Rb4 Ra5 40. a4
Rc5 41. Rb7 Kg6 42. Rb3 Rxc4 43. Ra3 Kf5 44. a5 Rxf4+ 45. Ke3 Rg4 46. Ra2 Ke5
47. a6 Rg3+ 48. Kf2 Rg8 49. a7 Ra8 50. Ke3 Kd5 51. Ra4 Kc5 52. Ra1 Kb6 53. Rb1+
Kxa7 54. Kd4 Rb8 55. Rf1 Rg8 56. Kc5 Rxg2 57. Rxf7+ 1/2-1/2

[Event "104th ch-GBR 2017"]
[Site "Llandudno WLS"]
[Date "2017.08.01"]
[Round "4.32"]
[White "Haria, Ravi"]
[Black "Waddington, Mike P"]
[Result "1-0"]
[WhiteTitle "FM"]
[BlackTitle "FM"]
[WhiteElo "2417"]
[BlackElo "2070"]
[WhiteFideId "415820"]
[BlackFideId "410497"]
[EventDate "2017.07.29"]

1. e4 e5 2. Nf3 f5 3. Nxe5 Qf6 4. Nc4 fxe4 5. Nc3 Qg6 6. d3 Bb4 7. Bd2 Bxc3 8.
Bxc3 Nf6 9. Bxf6 gxf6 10. Ne3 Kd8 11. dxe4 Qxe4 12. Bd3 Qb4+ 13. c3 Qf4 14. g3
Qe5 15. Qf3 Nc6 16. O-O-O d6 17. Rhe1 Qg5 18. Be4 Bd7 19. h4 Qh6 20. Kb1 Rb8 21.
Nf5 Qf8 22. Bxc6 bxc6 23. Nd4 Rb6 24. Ne6+ Bxe6 25. Rxe6 f5 26. Re5 f4 27. g4
Qf6 28. Rf5 Qxh4 29. g5 Re8 30. Rh1 Re2 31. Rf8+ Kd7 32. Qxe2 Qxh1+ 33. Kc2 d5
34. Qe8+ Kd6 35. Rxf4 Kc5 36. a4 Rb7 37. Qe3+ Kd6 38. Rf6+ 1-0

[Event "104th ch-GBR 2017"]
[Site "Llandudno WLS"]
[Date "2017.08.01"]
[Round "4.33"]
[White "Toma, Katarzyna"]
[Black "Byron, Alan M"]
[Result "1-0"]
[WhiteTitle "WGM"]
[WhiteElo "2252"]
[BlackElo "2064"]
[WhiteFideId "1119907"]
[BlackFideId "401773"]
[EventDate "2017.07.29"]

1. e4 e5 2. Nf3 Nc6 3. Bb5 a6 4. Ba4 Nf6 5. Qe2 Be7 6. c3 b5 7. Bb3 d6 8. O-O
O-O 9. Rd1 Na5 10. Bc2 c5 11. d3 Qc7 12. Nbd2 Bb7 13. Nf1 Rfe8 14. Ng3 g6 15.
Bg5 d5 16. b4 dxe4 17. dxe4 cxb4 18. cxb4 Nc4 19. Bb3 Nd7 20. Bxe7 Rxe7 21. h4
Bc8 22. h5 Nf8 23. Rac1 Be6 24. Ng5 Rc8 25. Qf3 Rd7 26. h6 Rxd1+ 27. Rxd1 Qe7
28. Nxe6 Nxe6 29. Qg4 Rd8 30. Rd5 Qc7 31. Nh5 Rxd5 32. Nf6+ Kf8 33. exd5 Nf4 34.
Nxh7+ Kg8 35. Nf6+ Kh8 36. g3 Nd3 37. Qe4 Nxb4 38. Bxc4 bxc4 39. d6 Qd8 40. Qxe5
Nc6 41. Qc5 Qxf6 42. Qxc6 c3 43. Qc8+ Kh7 44. d7 c2 45. Qxc2 Qd6 46. Qb2 f6 47.
Qb7 Kxh6 48. Kh2 Qd4 49. Kg2 Qd6 50. a4 a5 51. Qa8 Qxd7 52. Qh8+ Qh7 53. Qxh7+
Kxh7 54. Kf3 Kh6 55. Ke4 Kh5 56. f3 Kg5 57. Kd5 Kf5 58. Kd6 g5 59. Kd5 Kg6 60.
g4 Kg7 61. Kc5 f5 62. Kb5 fxg4 63. fxg4 Kf6 64. Kxa5 1-0

[Event "104th ch-GBR 2017"]
[Site "Llandudno WLS"]
[Date "2017.08.01"]
[Round "4.34"]
[White "Grant, Jonathan I M"]
[Black "Taylor, William J"]
[Result "1-0"]
[WhiteElo "2187"]
[BlackElo "2048"]
[WhiteFideId "2400294"]
[BlackFideId "423130"]
[EventDate "2017.07.29"]

1. c4 Nf6 2. Nc3 g6 3. g3 Bg7 4. Bg2 O-O 5. e4 d6 6. Nge2 c5 7. O-O Nc6 8. d3
Ne8 9. Be3 e5 10. Qd2 a6 11. f4 Nd4 12. Rf2 Nxe2+ 13. Nxe2 exf4 14. Nxf4 Nc7 15.
Raf1 Rb8 16. e5 Bxe5 17. Nd5 Be6 18. Bg5 Qd7 19. Nf6+ Bxf6 20. Bxf6 d5 21. Qh6
Ne8 22. Be5 Rd8 23. Rf6 Qe7 24. R1f4 Bg4 25. Qg5 Nxf6 26. Bxf6 Qe3+ 27. Kh1 Qc1+
28. Bf1 Bf3+ 29. Rxf3 Qxg5 30. Bxg5 f6 31. Bh6 Rf7 32. Bh3 f5 33. Re3 dxc4 34.
dxc4 Rfd7 35. Re2 Kf7 36. Kg1 Kf6 37. Be3 b6 38. Bg2 Rd3 39. Bd5 R3xd5 40. cxd5
Rxd5 41. h4 Re5 42. Bg5+ Ke6 43. Kf2 Rxe2+ 44. Kxe2 Kd5 45. Ke3 Kc4 46. Bd8 b5
47. Bb6 Kd5 48. Kf4 b4 49. Kg5 c4 50. Ba5 Kc5 51. Kh6 Kb5 52. Bd8 c3 53. bxc3
bxc3 54. Bf6 1-0

[Event "104th ch-GBR 2017"]
[Site "Llandudno WLS"]
[Date "2017.08.01"]
[Round "4.35"]
[White "Lentzos, Ioanis"]
[Black "Taylor, Adam A"]
[Result "1/2-1/2"]
[WhiteElo "2038"]
[BlackElo "2165"]
[WhiteFideId "4255470"]
[BlackFideId "415790"]
[EventDate "2017.07.29"]

1. e4 c5 2. Nf3 Nc6 3. Bb5 e6 4. O-O Nge7 5. Re1 a6 6. Bf1 d5 7. d3 Ng6 8. exd5
Qxd5 9. Nc3 Qd8 10. Be3 Be7 11. d4 cxd4 12. Nxd4 Nxd4 13. Bxd4 O-O 14. Na4 b5
15. Nb6 Rb8 16. Nxc8 Qxc8 17. c3 Rd8 18. Qg4 a5 19. g3 Bc5 20. Rad1 b4 21. h4
Bxd4 22. cxd4 Qc2 23. h5 Nf8 24. Qe2 b3 25. Rd2 Qf5 26. axb3 Rxb3 27. Qe5 Qxe5
28. Rxe5 a4 29. Ra5 Rb4 30. Ra7 h6 31. Bg2 1/2-1/2

[Event "104th ch-GBR 2017"]
[Site "Llandudno WLS"]
[Date "2017.08.01"]
[Round "4.36"]
[White "Willson, Ollie"]
[Black "Coathup, Roger H"]
[Result "1-0"]
[WhiteElo "2032"]
[BlackElo "2151"]
[WhiteFideId "424714"]
[BlackFideId "407062"]
[EventDate "2017.07.29"]

1. d4 Nf6 2. c4 g6 3. Nc3 Bg7 4. e4 d6 5. Nf3 O-O 6. h3 e5 7. d5 Nh5 8. g3 f5 9.
Bg2 Na6 10. exf5 gxf5 11. Ng5 Nf6 12. O-O h6 13. Nf3 Nc5 14. b4 Nce4 15. Nxe4
Nxe4 16. Bb2 a5 17. a3 Qe8 18. Nd2 Nf6 19. Qb3 Qg6 20. c5 axb4 21. axb4 Rxa1 22.
Bxa1 f4 23. b5 fxg3 24. fxg3 Nh5 25. Rxf8+ Bxf8 26. Kh2 Be7 27. Ne4 Bf5 28. Qe3
Kh7 29. b6 cxb6 30. cxd6 Bf6 31. Nxf6+ Nxf6 32. Qxe5 Kg7 33. Qe7+ Qf7 1-0

[Event "104th ch-GBR 2017"]
[Site "Llandudno WLS"]
[Date "2017.08.01"]
[Round "4.37"]
[White "Smith, Andrew Philip"]
[Black "Brewer, Callum D"]
[Result "1/2-1/2"]
[WhiteTitle "FM"]
[WhiteElo "2146"]
[BlackElo "2015"]
[WhiteFideId "2500833"]
[BlackFideId "435309"]
[EventDate "2017.07.29"]

1. e4 e5 2. d4 exd4 3. Qxd4 Nc6 4. Qe3 Nf6 5. Nc3 Bb4 6. Bd2 O-O 7. O-O-O Re8 8.
Bc4 d6 9. f3 Ne5 10. Bb3 a5 11. a4 c6 12. Qg5 Be6 13. Bxe6 Rxe6 14. Nge2 Nc4 15.
Nd4 Re5 16. Nf5 Ne8 17. Qxd8 Rxd8 18. Bf4 Re6 19. Ne2 Nc7 20. Ned4 Ree8 21. Nb3
Ne6 22. Bg3 Nc5 1/2-1/2

[Event "104th ch-GBR 2017"]
[Site "Llandudno WLS"]
[Date "2017.08.01"]
[Round "4.38"]
[White "Golding, James"]
[Black "Coleman, David J"]
[Result "0-1"]
[BlackTitle "CM"]
[WhiteElo "1942"]
[BlackElo "2135"]
[WhiteFideId "427250"]
[BlackFideId "402087"]
[EventDate "2017.07.29"]

1. d4 Nf6 2. c4 g6 3. Nc3 Bg7 4. e4 d6 5. f3 O-O 6. Be3 Nc6 7. Nge2 a6 8. Qd2
Bd7 9. Nc1 e5 10. Nb3 exd4 11. Nxd4 Nxd4 12. Bxd4 b5 13. Be2 c6 14. Rd1 Be6 15.
Bf2 Qa5 16. Qxd6 b4 17. Qc5 Qxc5 18. Bxc5 bxc3 19. Bxf8 Kxf8 20. bxc3 Nd7 21.
Kd2 Nb6 22. Rb1 Nxc4+ 23. Bxc4 Bxc4 24. Rb4 Bb5 25. Re1 c5 26. Rb3 Bh6+ 27. Kc2
Ba4 28. g3 c4 0-1

[Event "104th ch-GBR 2017"]
[Site "Llandudno WLS"]
[Date "2017.08.01"]
[Round "4.39"]
[White "Maroroa, Sue"]
[Black "Anilkumar, Anantha P"]
[Result "1/2-1/2"]
[WhiteTitle "WIM"]
[WhiteElo "2116"]
[BlackElo "1932"]
[WhiteFideId "4301498"]
[BlackFideId "424730"]
[EventDate "2017.07.29"]

1. e4 c5 2. Nf3 d6 3. Bb5+ Bd7 4. Bxd7+ Qxd7 5. c4 Nc6 6. Nc3 Nf6 7. d4 cxd4 8.
Nxd4 g6 9. f3 Bg7 10. Be3 O-O 11. O-O a6 12. Qd3 Rfd8 13. Rfd1 Rac8 14. b3 e6
15. Rac1 Qe7 16. Kh1 Qf8 17. Nxc6 Rxc6 18. Qd2 Ne8 19. Bg5 Bxc3 20. Qxc3 Rdc8
21. Qd2 Nc7 22. a4 e5 23. f4 f6 24. Bh4 Ne6 25. fxe5 dxe5 26. Bf2 Rd8 27. Qc2
Rcd6 28. Rd5 Nf4 29. Bc5 Nxd5 30. exd5 b6 31. Ba3 Rc8 32. Qd2 Qd8 33. Bxd6 Qxd6
34. b4 f5 35. c5 bxc5 36. bxc5 Rxc5 37. Rxc5 Qxc5 38. d6 Qb6 39. h3 Kf7 40. Qd5+
Kf6 41. d7 Ke7 1/2-1/2

[Event "104th ch-GBR 2017"]
[Site "Llandudno WLS"]
[Date "2017.08.01"]
[Round "4.40"]
[White "Jina, Taran"]
[Black "Burrows, Martin P"]
[Result "1-0"]
[WhiteElo "1777"]
[BlackElo "2115"]
[WhiteFideId "426369"]
[BlackFideId "409057"]
[EventDate "2017.07.29"]

1. Nf3 Nf6 2. g3 g6 3. Bg2 Bg7 4. d4 O-O 5. c4 d6 6. Nc3 Nc6 7. O-O a6 8. Qc2
Bf5 9. e4 Bg4 10. Be3 Nd7 11. Ne2 Bxf3 12. Bxf3 e5 13. d5 Ne7 14. Bg2 f5 15.
Rab1 fxe4 16. g4 Kh8 17. Ng3 Nf6 18. h3 c6 19. g5 Nfxd5 20. cxd5 cxd5 21. Qb3
Qd7 22. Bd2 Rac8 23. Rbc1 Rxc1 24. Rxc1 Rc8 25. Rxc8+ Qxc8 26. Bb4 Qc6 27. Ne2
h6 28. Nc3 hxg5 29. Qa3 Nf5 30. Qa5 b5 31. a4 bxa4 32. Qxd5 Qb6 33. Qxe4 Kh7 34.
Nxa4 Qc7 35. Nc3 a5 36. Ba3 Qb6 37. Qd3 Bf8 38. Qd5 Kg7 39. Qe6 Qd4 40. Bd5 Kh6
41. Be4 Nh4 42. Qf6 Bg7 43. Qxd6 g4 44. hxg4 Kg5 45. Qe6 Bf6 46. Qd5 Kxg4 47.
Qxa5 Qd2 48. Qb5 Qc1+ 49. Qf1 Qg5 50. f3+ Kh5+ 51. Kf2 Bd8 52. Bc5 Qf4 53. Ke2
Bg5 54. Nb1 Qh2+ 55. Qf2 Qh1 56. Qg1 Qh3 57. Nc3 Ng2 58. Nd1 Nf4+ 59. Kd2 Qc8
60. Be3 Qd7+ 61. Ke1 Bh4+ 62. Nf2 Bxf2+ 63. Qxf2 g5 64. Qh2+ Nh3 65. Qxe5 Kh4
66. Bf5 Qd8 67. Bxh3 g4 68. Bf2+ 1-0

[Event "104th ch-GBR 2017"]
[Site "Llandudno WLS"]
[Date "2017.08.01"]
[Round "4.41"]
[White "Lam, Paul G M"]
[Black "Ahluwalia, Amardip"]
[Result "1-0"]
[WhiteElo "2111"]
[BlackElo "1995"]
[WhiteFideId "411566"]
[BlackFideId "437085"]
[EventDate "2017.07.29"]

1. Nc3 Nf6 2. d4 d5 3. Bf4 c5 4. e3 cxd4 5. exd4 a6 6. Nf3 Nc6 7. Ne5 Bd7 8.
Nxd7 Qxd7 9. Be2 e6 10. O-O Be7 11. Be5 O-O 12. Qd3 Ne8 13. Rad1 Bd6 14. Qh3 b5
15. Nxd5 Rd8 16. Ne3 Nc7 17. Bf3 Ne7 18. Qg3 f6 19. Bxd6 Qxd6 20. Qxd6 Rxd6 21.
c3 Rfd8 22. Rfe1 Kf7 23. g3 Ncd5 24. Re2 Nb6 25. a3 Ned5 26. Nxd5 Nxd5 27. Rde1
Nc7 28. Be4 g6 29. Bc2 Nd5 30. Bb3 Nc7 31. f4 h5 32. h3 Rh8 33. d5 Nxd5 34. Rxe6
Rxe6 35. Bxd5 Re8 36. g4 hxg4 37. hxg4 f5 38. g5 a5 39. b4 a4 40. Kf2 Re7 41.
Re5 1-0

[Event "104th ch-GBR 2017"]
[Site "Llandudno WLS"]
[Date "2017.08.01"]
[Round "4.42"]
[White "Stewart, Ashley"]
[Black "Munshi, Aditya"]
[Result "1-0"]
[WhiteElo "2111"]
[BlackElo "1901"]
[WhiteFideId "419001"]
[BlackFideId "436720"]
[EventDate "2017.07.29"]

1. c4 e5 2. g3 Nf6 3. Bg2 d5 4. cxd5 Nxd5 5. Nc3 Nb6 6. Nf3 Nc6 7. d3 Be7 8. O-O
O-O 9. Be3 Re8 10. Qd2 Bf8 11. Rfc1 f6 12. a3 a6 13. Ne4 Nd4 14. Bxd4 exd4 15.
b4 c6 16. Qb2 f5 17. Nc5 Qf6 18. Nxd4 Bd6 19. Rab1 Bxc5 20. bxc5 Nd7 21. Rc2 f4
22. Nf3 fxg3 23. hxg3 Qf5 24. Qb3+ Kh8 25. Qc4 Ne5 26. Nxe5 Rxe5 27. d4 Re7 28.
d5 cxd5 29. Qxd5 Qg6 30. Rb6 Be6 31. Qd6 Qxc2 32. Qxe7 Qc1+ 33. Kh2 Bf5 34. Rxb7
Rg8 35. c6 Qh6+ 36. Qh4 Qe6 37. e3 h6 38. c7 Kh7 39. Rb8 Rc8 40. Qd8 Kg6 41.
Rxc8 Qxc8 42. Qxc8 Bxc8 1-0

[Event "104th ch-GBR 2017"]
[Site "Llandudno WLS"]
[Date "2017.08.01"]
[Round "4.44"]
[White "Hewson, Brian W R"]
[Black "Verma, Aditya"]
[Result "1/2-1/2"]
[WhiteElo "2023"]
[BlackElo "2071"]
[WhiteFideId "437484"]
[BlackFideId "426202"]
[EventDate "2017.07.29"]

1. d4 d5 2. Nf3 Nf6 3. c4 c6 4. e3 Bf5 5. Nc3 e6 6. Nh4 Bg4 7. Qb3 Qc7 8. h3 Bh5
9. g4 Bg6 10. Nxg6 hxg6 11. Bg2 Nbd7 12. Bd2 Be7 13. Rc1 Qb8 14. e4 dxe4 15.
Nxe4 Nxe4 16. Bxe4 Bd6 17. Bg2 Bf4 18. Bxf4 Qxf4 19. Qe3 Qd6 20. f4 Nf6 21. O-O
O-O 22. Rfd1 Rfd8 23. a3 Rac8 24. b4 Rc7 25. Rd3 Rcd7 26. Rcd1 Qc7 27. Kf2 Qb6
28. g5 Ne8 29. d5 Qxe3+ 30. Kxe3 exd5 31. cxd5 Re7+ 32. Kf2 cxd5 33. Bxd5 Rc8
34. Bb3 Rcc7 35. h4 Re4 36. Kf3 Rce7 37. Bd5 Re2 38. Bxb7 Nc7 39. R1d2 Re1 40.
Rd1 R1e2 41. R1d2 1/2-1/2

[Event "104th ch-GBR 2017"]
[Site "Llandudno WLS"]
[Date "2017.08.01"]
[Round "4.45"]
[White "Haridas, Girinath"]
[Black "Humphreys, Jerry G"]
[Result "1/2-1/2"]
[WhiteElo "1977"]
[BlackElo "2041"]
[WhiteFideId "427144"]
[BlackFideId "408158"]
[EventDate "2017.07.29"]

1. d4 Nf6 2. c4 g6 3. Nc3 d5 4. cxd5 Nxd5 5. e4 Nxc3 6. bxc3 Bg7 7. Bb5+ Bd7 8.
Bxd7+ Nxd7 9. Nf3 c5 10. O-O O-O 11. Be3 Qa5 12. Qb3 cxd4 13. cxd4 b5 14. Rab1
a6 15. e5 e6 16. Bd2 Qb6 17. a4 Rab8 18. Qd3 Qc6 19. Rfc1 Qd5 20. Bb4 Rfc8 21.
Bd6 Ra8 22. Rxc8+ Rxc8 23. axb5 axb5 24. h4 Rc4 25. Qb3 Rc1+ 26. Kh2 Rxb1 27.
Qxb1 Bf8 28. Bxf8 Nxf8 29. Qb4 Qc4 30. Qe7 Qc6 31. h5 Qd7 32. Qg5 Qe8 33. Nd2
Nd7 34. Ne4 Qf8 35. h6 b4 36. Qc1 b3 37. g4 b2 38. Qxb2 Qxh6+ 39. Kg2 Qf4 40. f3
Kg7 41. Qb7 Nf8 42. Nd6 Qd2+ 43. Kh3 Qf4 44. Ne8+ Kg8 45. Nf6+ Kg7 46. Qe4 Qc1
47. Kg3 Qg1+ 48. Kh3 1/2-1/2

[Event "104th ch-GBR 2017"]
[Site "Llandudno WLS"]
[Date "2017.08.01"]
[Round "4.46"]
[White "Shepherd, Katherine M"]
[Black "Cocks, Elliot"]
[Result "1/2-1/2"]
[WhiteElo "1929"]
[BlackElo "2036"]
[WhiteFideId "412031"]
[BlackFideId "444545"]
[EventDate "2017.07.29"]

1. d4 Nf6 2. Nf3 c5 3. e3 d5 4. c4 cxd4 5. Nxd4 e5 6. Nf3 Bg4 7. cxd5 e4 8. Bb5+
Nbd7 9. Bxd7+ Bxd7 10. Ne5 Bb5 11. Nc3 Bb4 12. Qb3 Qd6 13. Bd2 Qxe5 14. Nxb5
Bxd2+ 15. Kxd2 O-O 16. Ke2 Nxd5 17. Rhd1 Nf6 18. h3 Qh2 19. Rg1 Rad8 20. Nd4 Qe5
21. Rac1 Qh5+ 22. Kd2 Nd5 23. Rc5 b6 24. g4 Qe5 25. Rc6 Nf4 26. Rh1 Ne6 27. Rxe6
fxe6 28. Ke2 Qd5 29. Rd1 Qxb3 30. axb3 Kf7 31. Ra1 a5 32. b4 axb4 33. Ra7+ Kf6
34. g5+ Ke5 35. Nc6+ Kf5 36. Nxd8 Rxd8 37. Rxg7 Rd3 38. Rxh7 Kxg5 39. Rb7 Rb3
40. Rxb6 Rxb2+ 41. Kf1 Kf6 42. h4 b3 43. h5 Rb1+ 44. Kg2 Rc1 45. Rxb3 Rc5 46.
Rb4 Rg5+ 47. Kf1 Kf5 48. h6 Rh5 49. Rb5+ e5 50. Rb6 Kg5 51. Re6 Kf5 52. Ra6 Kg5
53. Ra4 Kf5 54. Ra6 Kg5 55. Re6 1/2-1/2

[Event "104th ch-GBR 2017"]
[Site "Llandudno WLS"]
[Date "2017.08.01"]
[Round "4.47"]
[White "Zhu, Richard"]
[Black "Ashworth, Michael"]
[Result "1/2-1/2"]
[WhiteElo "2036"]
[BlackElo "1946"]
[WhiteFideId "426377"]
[BlackFideId "425044"]
[EventDate "2017.07.29"]

1. c4 Nf6 2. g3 e5 3. Bg2 d5 4. cxd5 Nxd5 5. Nc3 Nb6 6. Nf3 Nc6 7. O-O Be6 8. d3
Be7 9. a3 O-O 10. b4 a6 11. Be3 Nd5 12. Nxd5 Bxd5 13. Qc2 Nd4 14. Bxd4 exd4 15.
Rac1 c6 16. Qb2 Bf6 17. Nd2 Bxg2 18. Kxg2 Qd5+ 19. Kg1 g6 20. a4 Rfe8 21. Rfe1
Bg7 22. Rc5 Qd7 23. Rc4 Re7 24. Nb3 Rae8 25. Nc5 Qh3 26. Ne4 Re5 27. Rc5 R5e7
28. b5 axb5 29. axb5 cxb5 30. Rxb5 h6 31. Rxb7 Re5 32. Qb3 Rf8 33. Rb5 Rfe8 34.
Ra1 Qh5 35. Ra7 g5 36. Rbb7 Rf5 37. h3 Qg6 38. g4 Rf4 39. e3 dxe3 40. fxe3 Rfxe4
41. Rxf7 R4e6 42. Rxg7+ Qxg7 43. Rxg7+ Kxg7 44. e4 Rf6 45. Qb7+ Rf7 46. Qd5 Ref8
47. e5 Rf3 48. Kg2 Re3 49. Qd4 Rff3 50. Qd7+ Rf7 51. Qd4 Rff3 52. Qa7+ Kg8 53.
Qa8+ Rf8 54. Qd5+ Kg7 55. Qd4 Rff3 1/2-1/2

[Event "104th ch-GBR 2017"]
[Site "Llandudno WLS"]
[Date "2017.08.01"]
[Round "4.48"]
[White "Modi, Shyam Jagdish"]
[Black "Wall, Tim P"]
[Result "0-1"]
[BlackTitle "FM"]
[WhiteElo "1908"]
[BlackElo "2242"]
[WhiteFideId "446025"]
[BlackFideId "401641"]
[EventDate "2017.07.29"]

1. d4 Nf6 2. c4 c5 3. d5 b5 4. cxb5 a6 5. bxa6 g6 6. Nc3 Bg7 7. g3 d6 8. Bg2 O-O
9. Nf3 Nbd7 10. O-O Nb6 11. a4 Bxa6 12. Re1 Nfd7 13. Qc2 Nc4 14. b3 Qa5 15. bxc4
Qxc3 16. Qxc3 Bxc3 17. Bh6 Rfb8 18. Nd2 Bxa1 19. Rxa1 Ne5 20. Rc1 Rb4 21. Bg5 f6
22. Bf4 Nxc4 23. Nxc4 Bxc4 0-1

[Event "104th ch-GBR 2017"]
[Site "Llandudno WLS"]
[Date "2017.08.01"]
[Round "4.49"]
[White "Davis, Lee"]
[Black "Jayawarna, Nugith"]
[Result "0-1"]
[WhiteElo "1952"]
[BlackElo "2054"]
[WhiteFideId "1801325"]
[BlackFideId "434884"]
[EventDate "2017.07.29"]

1. d4 Nf6 2. Nf3 g6 3. g3 Bg7 4. Bg2 O-O 5. c4 d6 6. O-O Nc6 7. Nc3 Rb8 8. h3 a6
9. e4 Nd7 10. Be3 b5 11. cxb5 axb5 12. Rc1 Na5 13. b3 b4 14. Na4 c6 15. Re1 Ba6
16. e5 h6 17. exd6 exd6 18. Qd2 Kh7 19. Bf1 Bxf1 20. Kxf1 Nf6 21. Qd3 Nd5 22.
Kg2 f5 23. Bd2 Qf6 24. Nh2 Qxd4 25. Qxd4 Bxd4 26. Re6 Rbd8 27. Nf3 Bg7 28. Be3
Rfe8 29. Rxe8 Rxe8 30. Bd4 Re2 31. Bxg7 Kxg7 32. Nd4 Rxa2 33. Kf3 c5 34. Ne6+
Kf6 35. Nf4 Nxf4 0-1

[Event "104th ch-GBR 2017"]
[Site "Llandudno WLS"]
[Date "2017.08.01"]
[Round "4.50"]
[White "Moore, Geoffrey R"]
[Black "Howell, Oliver W"]
[Result "1-0"]
[WhiteElo "2023"]
[BlackElo "1701"]
[WhiteFideId "446181"]
[BlackFideId "435929"]
[EventDate "2017.07.29"]

1. e4 e6 2. d3 d5 3. Nd2 c5 4. Ngf3 Nc6 5. g3 Nf6 6. Bg2 Be7 7. O-O O-O 8. Re1
Qc7 9. e5 Nd7 10. Qe2 Rb8 11. h4 Nb4 12. Nf1 b6 13. a3 Nc6 14. Bf4 b5 15. N1h2
c4 16. d4 b4 17. axb4 Rxb4 18. c3 Rb3 19. h5 Qd8 20. Bh3 Qb6 21. Ra2 Nd8 22. Ng4
f5 23. Ne3 Bb7 24. Kh2 Kh8 25. Rg1 g6 26. Ng2 Nf7 27. Nfh4 Ng5 28. Bc1 Nxh3 29.
Kxh3 Rg8 30. Nxg6+ 1-0

[Event "104th ch-GBR 2017"]
[Site "Llandudno WLS"]
[Date "2017.08.01"]
[Round "4.51"]
[White "Cole, James"]
[Black "Garnett, John S"]
[Result "1-0"]
[WhiteElo "1950"]
[BlackElo "2005"]
[WhiteFideId "431818"]
[BlackFideId "410829"]
[EventDate "2017.07.29"]

1. e4 c6 2. d3 d5 3. Nd2 e5 4. Ngf3 Bd6 5. g3 Nf6 6. Bg2 O-O 7. O-O Nbd7 8. Re1
Re8 9. c3 Nc5 10. Qc2 Bc7 11. b4 dxe4 12. Nxe4 Qxd3 13. Nxf6+ gxf6 14. Qe2 Qxe2
15. Rxe2 Na4 16. c4 Nb6 17. Nd2 Be6 18. b5 Nxc4 19. bxc6 b5 20. Ne4 Kg7 21. Nc3
a6 22. a4 b4 23. Nd5 Rac8 24. Nxb4 Red8 25. Be3 Nxe3 26. Rxe3 a5 27. Nc2 Rd2 28.
Rc3 Bb6 29. Rf1 Bf5 30. Ne3 Bd3 31. Rfc1 e4 32. c7 Bxe3 33. fxe3 f5 34. Bh3 Be2
35. Bxf5 Bf3 36. R3c2 Rxc7 37. Rxc7 Rg2+ 38. Kf1 Rxh2 39. R1c2 Rh1+ 40. Kf2 Rh2+
41. Ke1 Rh1+ 42. Kd2 Rd1+ 43. Kc3 Rd3+ 44. Kc4 Bd1 45. Rc3 Rd6 46. Bxe4 Bxa4 47.
Ra3 Bd1 48. Rxa5 Re6 49. Kd4 Rb6 50. Rf5 Rb4+ 51. Ke5 Bb3 52. Bd5 Kh6 53. Rfxf7 1-0

[Event "104th ch-GBR 2017"]
[Site "Llandudno WLS"]
[Date "2017.08.02"]
[Round "5.1"]
[White "Howell, David W L"]
[Black "Jones, Gawain C B"]
[Result "1/2-1/2"]
[WhiteTitle "GM"]
[BlackTitle "GM"]
[WhiteElo "2702"]
[BlackElo "2660"]
[WhiteFideId "410608"]
[BlackFideId "409561"]
[EventDate "2017.07.29"]

1. d4 Nf6 2. c4 g6 3. Nc3 Bg7 4. Nf3 d6 5. g3 O-O 6. Bg2 c5 7. O-O Nc6 8. dxc5
dxc5 9. Bf4 Nd4 10. Be5 Nc6 11. Bf4 Nd4 12. Be5 Nc6 13. Bf4 1/2-1/2

[Event "104th ch-GBR 2017"]
[Site "Llandudno WLS"]
[Date "2017.08.02"]
[Round "5.2"]
[White "McShane, Luke J"]
[Black "Merriman, John"]
[Result "1-0"]
[WhiteTitle "GM"]
[WhiteElo "2644"]
[BlackElo "2221"]
[WhiteFideId "404853"]
[BlackFideId "402362"]
[EventDate "2017.07.29"]

1. e4 e6 2. d4 d5 3. Nd2 Nf6 4. e5 Nfd7 5. f4 c5 6. c3 Nc6 7. Ndf3 Qb6 8. a3 Be7
9. h4 cxd4 10. cxd4 Na5 11. Ne2 Nb3 12. Rb1 Nb8 13. Be3 Nc6 14. Nc3 Bd7 15. Na4
Qa5+ 16. Nc3 Qb6 17. Bf2 Nca5 18. Bd3 f5 19. O-O O-O-O 20. Bxf5 exf5 21. Nxd5
Qe6 22. Nxe7+ Qxe7 23. d5 Kb8 24. Qe2 Ba4 25. Rbd1 Rhe8 26. Rfe1 Qc7 27. d6 Qc4
28. Qe3 Qa6 29. Ng5 Nc4 30. Qc3 Nba5 31. Rd4 h6 32. Nf3 Rc8 33. Qd3 Red8 34.
Qxf5 Rf8 35. Qd3 Nb3 36. d7 Bxd7 37. Rxd7 Qe6 38. Rxg7 Rcd8 39. Qxb3 1-0

[Event "104th ch-GBR 2017"]
[Site "Llandudno WLS"]
[Date "2017.08.02"]
[Round "5.3"]
[White "Gormally, Daniel W"]
[Black "Emms, John M"]
[Result "1/2-1/2"]
[WhiteTitle "GM"]
[BlackTitle "GM"]
[WhiteElo "2462"]
[BlackElo "2468"]
[WhiteFideId "406465"]
[BlackFideId "400254"]
[EventDate "2017.07.29"]

1. d4 d5 2. c4 dxc4 3. Nf3 Nf6 4. Nc3 a6 5. e4 b5 6. e5 Nd5 7. a4 e6 8. axb5 Nb6
9. Be2 Bb7 10. O-O Be7 11. Qc2 axb5 12. Rxa8 Bxa8 13. Nxb5 O-O 14. Rd1 Na6 15.
Nc3 Nb4 16. Qb1 h6 17. Ne4 Qd5 18. Nc3 Qd7 19. Nd2 Qxd4 20. Nxc4 Qc5 21. Ne4 Qc6
22. Nxb6 Qxe4 23. Qxe4 Bxe4 24. Nc4 Ra8 25. Bd2 Nd5 26. Ne3 Rb8 27. Nxd5 Bxd5
28. Bc3 Bb4 29. Rc1 c6 30. Bd4 g6 1/2-1/2